00639nam a2200169 a 450000100100000000500170001000800410002704000250006808200150009311000900010824500570019826000480025530000270030304900090033095201130033999900170045200003099920250307114820.0110609s1986 dr a 000 | spa d aDO-SdBNPbspacBNPHU axxxbC397r2 aCentro de Estudios Monetarios y Bancarios (Santo Domingo, República Dominica)9602310aRégimen de encaje legal de los bancos comerciales. aSanto Domingo :bEditora La Palabra,c1986. a59 p. :bil. ;c21 cm. aBNPD 0010718PDaPDbPDcCTd2011-06-09iLF1l0oxxx C397rp30999-10r2020-06-25w2020-06-25yLFPDZNo se presta c30491d30491